Sequence stratigraphy of miocene carbonates of E11 and F13 fields, Central Luconia Province, Sarawak Basin, Malaysia /
Saved in:
| 主要作者: | |
|---|---|
| 格式: | Thesis 图书 |
| 语言: | English |
| 出版: |
2011.
|
| 主题: | |
| 标签: |
添加标签
没有标签, 成为第一个标记此记录!
|
| LEADER | 00973cam a2200265 a 4500 | ||
|---|---|---|---|
| 001 | u852024 | ||
| 003 | SIRSI | ||
| 005 | 201202281117 | ||
| 008 | 120228s2011 my a t 000 0 eng m | ||
| 040 | |a UMM | ||
| 043 | |a a-my-sr | ||
| 090 | |a QE3 |b UMP 2011 Asims | ||
| 100 | 0 | |a Asiah Mohd Salih. | |
| 245 | 1 | 0 | |a Sequence stratigraphy of miocene carbonates of E11 and F13 fields, Central Luconia Province, Sarawak Basin, Malaysia / |c Asiah Mohd Salih. |
| 260 | |c 2011. | ||
| 300 | |a [2] xxxvi, 333 [87] leaves : |b ill. ; |c 30 cm. | ||
| 502 | |a Thesis (Ph.D) -- Jabatan Geologi, Fakulti Sains, Universiti Malaya, 2011. | ||
| 504 | |a Bibliography: leaves 321-333. | ||
| 650 | 0 | |a Geology, Stratigraphic |z Sarawak. | |
| 650 | 0 | |a Sequence stratigraphy. | |
| 650 | 0 | |a Carbonate rocks |z Sarawak. | |
| 710 | 2 | 0 | |a Universiti Malaya. |b Jabatan Geologi. |
| 900 | |a ZA | ||
| 596 | |a 1 | ||
| 999 | |a QE3 UMP 2011 ASIMS |w LC |c 1 |i A515040469 |d 10/1/2013 |f 10/1/2013 |g 1 |l STACKS |m P01UTAMA |r Y |s Y |t TESIS |u 9/1/2013 | ||
